| 000 | 00631nam a2200229Ia 4500 | ||
|---|---|---|---|
| 008 | 160803s9999 xx 000 0 und d | ||
| 020 | _a9781443100182 | ||
| 100 | _aBurnford, Sheila | ||
| 245 | 4 | _aThe Incredible journey / | |
| 245 | _cSheila Burnford ; cover illustration by Paul Perreault. | ||
| 260 | _aNew York : | ||
| 260 | _bScholastic Inc. | ||
| 260 | _c1988 | ||
| 300 | _a151 pages ; | ||
| 300 | _c20 cm | ||
| 500 | _aOriginally published : London : Hodder & Stoughton, 1961. | ||
| 650 | _aCats -- | ||
| 650 | _aDogs -- | ||
| 650 | _xJuvenile fiction. | ||
| 650 | _xJuvenile fiction. | ||
| 700 | _a1320 | ||
| 999 |
_c298493 _d298493 |
||